000 00375nam a22001697a 4500
003 UA-OsUOA
001 3238
007 ta
008 20050721b un ||||| |||| 00| 0 ukr d
100 _aШевцова
700 _aС.В.
942 _cBK
040 _aUA-OsUOA
_cUA-OsUOA
_dUA-OsUOA
245 _aGetting English in Focus
_bEnglish practice
955 _a2
650 7 _2UDC
999 _c289400
_d289400